000 01337nam a22003857a 4500
003 CHAP
005 20220329141152.0
008 971010s1976 r 00010 d
010 _a63762
011 _a64734
035 _a70841
040 _cCHAP
090 _aTesis
100 0 0 _aAguirre Hernández, Arturo.
_92999
245 1 _aEstudio comparativo de tres fuentes protéicas de origen vegetal para la codorniz japonesa (Coturnix coturnix japonica)
260 _aChapingo, Méx. :
_bEl autor,
_c1976
300 _a47 h.
502 _aTesis (Ing. Agrónomo Esp. en Zootecnia) -- ENA. epartamento de Zootecnia
590 _aALEPH
_b10
_c20130110
_lUCH01
_h1346
590 _aBATCH-UPD
_b10
_c20130110
_lUCH01
_h0002
590 _aBATCH-UPD
_b10
_c20130110
_lUCH01
_h0255
590 _aBATCH-UPD
_b10
_c20130110
_lUCH01
_h1825
590 _aBATCH-UPD
_b10
_c20130409
_lUCH01
_h1937
590 _aBATCH-UPD
_b10
_c20130913
_lUCH01
_h2317
590 _aCONVERSION
_b10
_c20130109
_lUCH01
_h1334
650 1 4 _aCodorniz.
_924300
650 1 4 _aHarinolina.
_952734
650 1 4 _aPasta de ajonjolí.
_985896
650 1 4 _aPasta de soya.
_985904
650 1 4 _aProteínas en nutrición de aves de corral.
_992455
901 _aBK
942 _cFOLL
949 _bBC
_cTES
_d-134617
_eTS1
_i70841
_si
949 _bBC
_cTES
_d-134618
_eTS2
_fc.2
_i70841
_si
999 _c63762
_d63762